000 00480nam a2200181Ia 4500
008 230917s9999||||xx |||||||||||||| ||und||
020 _cRS560
040 _e240415
_aMAIN
041 _aEnglish
082 _a342.54 P192C(53)
100 _aPandey, J N
245 0 _aConstitutional law of India
250 _a53rd ed.
260 _aAllahabad
_bCentral Law Agency
_c2016
300 _aixii, 822 p.
500 _a2722 29/05/2017 RBP17/66412 06/06/2017 Main Budget
942 _cBK
999 _c22666
_d22666